Zur Theorie des Handelsbetriebes Eine spieltheoretisch-institutioneller Beitrag zu einer Theorie des Binnehandels

Enregistré dans:
Détails bibliographiques
Auteur principal: Griebel, Hans Dieter
Format: Livre
Langue:allemand
Publié: Frankfurt am Main Johann Wolgang Goethe-Universität 1982
Tags: Ajouter un tag
Pas de tags, Soyez le premier à ajouter un tag!

MARC

LEADER 00000nam a2200000 4500
001 c131557
005 20041019155252.7
041 0 |a ger 
044 |a DE 
245 1 0 |a Zur Theorie des Handelsbetriebes  |b Eine spieltheoretisch-institutioneller Beitrag zu einer Theorie des Binnehandels  |c Hans Dieter Griebel 
264 1 |a Frankfurt am Main  |b Johann Wolgang Goethe-Universität  |c 1982 
300 |a 395 s. 
100 1 |a Griebel, Hans Dieter